[Event "Benidorm FEDC op 22th"]
[Site "Benidorm"]
[Date "2019.06.13"]
[Round "5"]
[White "Mena Lena, Antonio"]
[Black "Perez Fermin, Jose"]
[Result "0-1"]
[WhiteElo "1293"]
[BlackElo "1488"]
[PlyCount "64"]
[EventDate "2019.06.09"]
[EventType "swiss"]
[EventRounds "7"]
[EventCountry "ESP"]
[SourceTitle "EXT 2024"]
[Source "ChessBase"]
[SourceDate "2023.10.10"]
[SourceVersion "1"]
[SourceVersionDate "2023.10.10"]
[SourceQuality "1"]

1. e4 c5 2. Nc3 d6 3. Bc4 Nf6 4. h3 a6 5. Qf3 e6 6. d3 h6 7. Bf4 Nc6 8. Nge2 e5 9. Be3 Nd4 10. Bxd4 cxd4 11. Nd5 Be6 12. Nxf6+ gxf6 13. Bxe6 fxe6 14. 0-0 Qe7 15. Ng3 Bg7 16. a3 Rc8 17. Rfc1 Qf7 18. Qh5 Rg8 19. Qxf7+ Kxf7 20. b4 Rc7 21. a4 Rgc8 22. Ra2 Kg6 23. Nf1 Rc3 24. Kh2 Rxd3 25. Ng3 Rdc3 26. Ne2 R3c6 27. f3 d3 28. cxd3 Rxc1 29. Nxc1 Rxc1 30. b5 h5 31. h4 Bh6 32. g4 hxg4 0-1

[Event "Benidorm FEDC op 22th"]
[Site "Benidorm"]
[Date "2019.06.10"]
[Round "2"]
[White "Perez Fermin, Jose"]
[Black "Garcia Andrinal, Antonio"]
[Result "1/2-1/2"]
[WhiteElo "1488"]
[BlackElo "1666"]
[PlyCount "58"]
[EventDate "2019.06.09"]
[EventType "swiss"]
[EventRounds "7"]
[EventCountry "ESP"]
[SourceTitle "EXT 2024"]
[Source "ChessBase"]
[SourceDate "2023.10.10"]
[SourceVersion "1"]
[SourceVersionDate "2023.10.10"]
[SourceQuality "1"]

1. e4 c5 2. Nf3 d6 3. d4 cxd4 4. Nxd4 Nf6 5. Nc3 g6 6. f3 Bg7 7. Be3 a6 8. g4 Nbd7 9. g5 Ng8 10. Qd2 e6 11. 0-0-0 Qc7 12. Be2 Ne5 13. Nb3 Nc4 14. Bxc4 Qxc4 15. f4 Qc7 16. Bd4 f6 17. gxf6 Nxf6 18. e5 dxe5 19. Bxe5 Qe7 20. Qd4 Bd7 21. Rhe1 Bc6 22. Qb6 Kf7 23. Nd4 Nd7 24. Nxc6 Nxb6 25. Nxe7 Bxe5 26. Rxe5 Kxe7 27. Rde1 Kf7 28. Rxe6 Rhe8 29. Rxe8 Rxe8 1/2-1/2

[Event "Benidorm op 18th"]
[Site "Benidorm"]
[Date "2017.06.14"]
[Round "4"]
[White "Perez Fermin, Jose"]
[Black "Garcia Cervigon, Cecilio"]
[Result "0-1"]
[WhiteElo "1560"]
[BlackElo "1792"]
[PlyCount "52"]
[EventDate "2017.06.11"]
[EventType "swiss"]
[EventRounds "7"]
[EventCountry "ESP"]
[SourceTitle "EXT 2018"]
[Source "ChessBase"]
[SourceDate "2017.10.13"]
[SourceVersion "1"]
[SourceVersionDate "2017.10.13"]
[SourceQuality "1"]

1. f4 d5 2. d4 c5 3. c3 cxd4 4. cxd4 Nc6 5. Nf3 Nf6 6. e3 e6 7. a3 Be7 8. Bd3 Bd7 9. Nbd2 Rc8 10. 0-0 0-0 11. Ne5 g6 12. g4 Be8 13. Kh1 Nd7 14. Nef3 Qb6 15. Rg1 f6 16. Qe2 e5 17. dxe5 fxe5 18. fxe5 Ncxe5 19. Nxe5 Nxe5 20. b4 Bh4 21. Nf3 Rxf3 22. Qd1 Rf2 23. Bf1 Qf6 24. g5 Qf3+ 25. Bg2 Rxg2 26. Qxf3 Rxg1+ 0-1